000 00483cam a2200205 4500
008 090401t1989 xxu||||| |||| 00| 0 eng d
020 _a0080369049
035 _a(Sirsi) u8042
041 _aeng
050 _a346.4104342
100 _aSherriff, Gerald
245 _aService charges in leases
260 _aLondon
_bWaterlow Publishers
_c1989
300 _a128p. ; 23cm.
350 _a9.95
650 _aREPAIRS
650 _aTAXATION
942 _n0
948 _c04/03/1997
999 _c86477
_d86477